|
|
|
|
| LEADER |
01644nam a2200481 a 4500 |
| 001 |
000197973 |
| 003 |
CZ BrMZK |
| 005 |
20230628092902.0 |
| 008 |
960815s1997 xr e cze d |
| 015 |
|
|
|a cnb000213582
|
| 020 |
|
|
|a 80-902079-3-6
|
| 035 |
|
|
|a (OCoLC)38297163
|
| 040 |
|
|
|a BOA001
|b cze
|
| 043 |
|
|
|a e-xo---
|
| 045 |
|
|
|a w-x-
|
| 072 |
|
7 |
|a 133
|x Ezoterismus. Okultismus
|2 Konspekt
|9 17
|
| 080 |
|
|
|a 239.4
|2 MRF
|
| 080 |
|
|
|a 133.522.2:008"73"
|2 MRF
|
| 080 |
|
|
|a 008"73"
|2 MRF
|
| 080 |
|
|
|a 930.85
|2 MRF
|
| 080 |
|
|
|a 133
|2 MRF
|
| 080 |
|
|
|a (437.6)
|2 MRF
|
| 080 |
|
|
|a (049)
|2 MRF
|
| 100 |
1 |
|
|a Doležal, Otmar,
|d 1920-2008
|7 jn99240000172
|
| 245 |
1 |
0 |
|a Idea vodnářského věku /
|c Otmar Doležal, Růžena Hermanová
|
| 250 |
|
|
|a Vyd. 1.
|
| 260 |
|
|
|a Brno :
|b Jiří Alman,
|c 1997
|
| 300 |
|
|
|a 125 s. :
|b il. ;
|c 20 cm
|
| 490 |
1 |
|
|a Almo
|
| 500 |
|
|
|a Bibliogr.
|
| 600 |
1 |
7 |
|a Maliarik, Ján,
|d 1869-1946
|7 jn19990210402
|2 czenas
|
| 648 |
|
7 |
|a 19.-20. století
|7 ch757015
|2 czenas
|
| 650 |
0 |
7 |
|a teosofie
|7 ph116434
|z Slovensko
|y 19.-20. století
|2 czenas
|
| 650 |
0 |
7 |
|a věk Vodnáře
|7 ph116681
|2 czenas
|
| 650 |
0 |
7 |
|a civilizační cykly
|7 ph119249
|2 czenas
|
| 650 |
0 |
7 |
|a dějiny civilizace
|7 ph137927
|x esoterické pojetí
|2 czenas
|
| 655 |
|
7 |
|a pojednání
|7 fd133056
|2 czenas
|
| 700 |
1 |
|
|a Hermanová, Růžena
|7 mzk2009544376
|4 aut
|
| 830 |
|
0 |
|a Almo
|
| 910 |
|
|
|a BOA001
|b Z-1034.812
|
| 990 |
|
|
|a BK
|
| 996 |
6 |
|
|b 2610055023
|c Z-1034.812
|l MZK
|r Sklad / do 24 hodin
|n 0
|p p.v.
|w 000197973
|u 000010
|a 1
|e BOA001
|j MZK50
|s P
|
| 996 |
6 |
|
|b 2610072660
|c Z-1034.812
|l MZK
|r Sklad / do 24 hodin
|n 1
|p p.v.
|w 000197973
|u 000020
|a 1
|e BOA001
|j MZK50
|s P
|